Direct Flights from Australia - Statistics

General Stats
  • This quiz has been taken 415 times
    298 since last reset
  • The average score is 29 of 33
Answers on the Map
Answers color-coded by a green-red scale on the quiz's map according to % correct below.
 
Answer Stats
Answer % Correct
China
100%
India
100%
New Zealand
100%
United States
100%
Canada
99%
Indonesia
99%
Japan
99%
Malaysia
97%
Papua New Guinea
97%
Philippines
97%
Thailand
97%
United Kingdom
97%
Vietnam
96%
France
95%
South Korea
95%
Fiji
92%
South Africa
92%
United Arab Emirates
92%
Singapore
88%
Taiwan
88%
Australia
86%
Solomon Islands
84%
Sri Lanka
84%
Chile
83%
Samoa
82%
Vanuatu
82%
Tonga
81%
Italy
80%
Nauru
80%
Qatar
80%
East Timor
68%
Brunei
60%
Mauritius
41%
No matching quizzes found
Score Distribution
Percent of People with Each Score
Percentile by Number Answered
Your Score History
You have not taken this quiz since the last reset